Guess the Microsoft Version by It's Background - Statistics

General Stats
  • This quiz has been taken 5 times
  • The average score is 9 of 16
Answer Stats
Picture Answer % Correct
Microsoft
100%
Windows 10
100%
Windows 11
100%
Windows 7
100%
Windows 8
100%
Windows XP
67%
Windows 2.02
33%
Windows 2.03
33%
Windows 3.0
33%
Windows 3.1
33%
Windows 8.1
33%
Windows 95
33%
Windows 98
33%
Windows ME
33%
Windows NT
33%
Windows Vista
33%
No matching quizzes found
Score Distribution
Percent of People with Each Score
Percentile by Number Answered
Your Score History
You have not taken this quiz